Maori cartography and the European encounter

Bibliographic Details
Published in:The history of cartography, J.B. Harley and David Woodward, Chicago [etc.], p. 493-536 (3)
Main Author: Barton, Phillip L.
Content type: Article
Published: 1998
Source:MPIPL_cat

MARC

LEADER 00000naa a2200000 u 4500
001 PL0086655
003 PLI01000000000000000084365
005 00000000000000.0
008 ||| u
100 1 |a Barton, Phillip L. 
245 0 0 |a Maori cartography and the European encounter  |c Phillip L. Barton 
260 |c 1998 
773 0 8 |t The history of cartography  |a J.B. Harley and David Woodward  |k 3  |d Chicago [etc.]  |g p. 493-536  |w MPIPL_cat.PL0086269  |z 0-226-90728-7  |i In: 
952 |h p. 493-536 
996 |a Aufsatz 
997 |a book chapter